Letter "C" on a Movie Poster - Statistics

General Stats
  • This quiz has been taken 4 times
  • The average score is 4 of 16
Answer Stats
Picture Answer % Correct
Cars
100%
A Clockwork Orange
75%
A Christmas Story
50%
Coco
50%
Pulp Fiction
50%
Charlie and the Chocolate Factory
25%
Madagascar
25%
Pirates of the Caribbean
25%
Captain America: Civil War
0%
Catch Me if You Can
0%
Citizen Kane
0%
Howl's Moving Castle
0%
No Country For Old Men
0%
Schindler's List
0%
The Corpse Bride
0%
Top Gun: Maverick
0%
No matching quizzes found
Score Distribution
Percent of People with Each Score
Percentile by Number Answered
Your Score History
You have not taken this quiz